| 000 | 00800nam a22001937a 4500 | ||
|---|---|---|---|
| 999 |
_c64000 _d64000 |
||
| 005 | 20260306120740.0 | ||
| 008 | 260306s2006 enk||||| |||| 00| 0 eng d | ||
| 020 | _a9780231137751x | ||
| 041 | _aeng | ||
| 080 | _a821(520) The 44 | ||
| 245 |
_aThe Modern Murasaki: _bWriting by Women of Meiji Japan / _cEdited by Rebecca Copeland, Melek Ortabasi. |
||
| 264 |
_aNew York : _bColumbia University Press, _c2006. |
||
| 300 |
_a404 p.: _bill.; _c23 cm. |
||
| 653 | _aთანამედროვე მურასაკი | ||
| 653 | _aმეიჯის იაპონელი ქალების ნაწერები | ||
| 700 |
_aCopeland, Rebecca _eრედაქტორი _927069 |
||
| 700 |
_aOrtabasi, Melek _dრედაქტორი _927070 |
||
| 942 |
_2udc _cᲬᲘᲒᲜᲘ |
||